根据百科猜泛地级行政区#2 - Chinese Prefectures by Description #2 - Statistics

General Stats
  • This quiz has been taken 8 times
  • The average score is 9 of 15
Answer Stats
描述 答案 % Correct
以其立体复杂的地形被称为“8D”魔幻之都,是最受欢迎的国际旅游目的地 重庆
88%
境域内多山,地形西北高,东南低,博平岭山脉横亘于西北部边界,戴云山 余脉深入北部境内。……方言分〇〇闽南话、客家话和少量的潮汕话 漳州
88%
拥有2085个岛屿和270多公里深水岸线,是中国第一大群岛和重要港口城市 舟山
88%
是中国西部地区唯一列入全国首批14个进一步对外开放的沿海城市,是中国 西部唯一同时拥有深水海港、全天候机场、高速铁路和高速公路的城市 北海
75%
是河湟文化的发祥地,是唐蕃古道和古丝绸南路必经之地,孟达天池 被誉为青藏高原的西双版纳,北山森林公园被称为青藏高原上的绿宝石 海东
75%
地处青藏高原冈底斯山至念青唐古拉山脉以南的雅鲁藏布江中下游,…… 拥有600多千米长的边界线,……具有重要的战略位置,是中国的西南边陲 山南
75%
〇〇〇〇为蒙古语,意为“红色的山口”,已有6000余年的文明史, 是中国古代北方文明的重要发祥地 乌兰察布
63%
地处云贵高原中部滇东高原向黔西高原过渡地带的乌蒙山脉,西与 滇中高原湖盆地区相嵌,东部逐步向贵州高原倾斜过渡,中部为长江、 珠江两大水系分水岭地带,地势西北高,东南低 曲靖
63%
地跨太行山和华北平原,属暖温带大陆性季风气候,四季分明, 夏冬季长,全市总面积15848平方千米,通用冀鲁官话 石家庄
63%
是关中经济带的重要组成部分,是通往人文初祖黄帝陵及革命圣地 延安的必经之地,咸铜、梅七两条支线铁路与陇海大动脉相连 铜川
63%
是中国通往东盟最便捷的陆路大通道,是中越两廊一圈和南宁-新加坡 经济走廊的重要节点城市,是中国边境口岸最多的城市 崇左
63%
地处亚热带,属典型中亚热带湿润季风气候。……为江南丘陵 向云贵高原的过渡地带,西部雪峰山脉、系云贵高原的东缘 邵阳
50%
境内以平原为主,星散分布着低山、残丘,……人文气息浓厚, 诞生过钱锺书、秦邦宪、荣毅仁、阿炳、徐悲鸿等历史名人 无锡
38%
历史悠久,春秋时期为牂牁国属地。“三线”建设时期, 缔造了“三线”文化。……素有“四省立交桥”之称 六盘水
25%
工业是〇〇市经济的主体,重点发展新型纺织、特色机电、 医药和精细化工、新型建材等产业 湖州
13%
No matching quizzes found
Score Distribution
Percent of People with Each Score
Percentile by Number Answered
Your Score History
You have not taken this quiz